| 000 | 00799cam a22001931 4500 | ||
|---|---|---|---|
| 082 |
_a5300.02462 _bWEB _cL-6, P-9 |
||
| 100 | 1 |
_aWeber, Robert L., _939776 |
|
| 245 | 1 | 0 |
_aCollege technical physics _c[by] Robert L. Weber, Marsh W. White [and] Kenneth V. Manning ... |
| 250 | _a1st ed. | ||
| 260 |
_aNew York, _aLondon, _bMcGraw-Hill Book Company, inc., _c1947. |
||
| 300 |
_aviii p., 1 l., 761 p. incl. illus. (incl. ports.) charts, tables, diagrs. (part col.) _bdouble col. front. _c24 cm. |
||
| 500 | _aSome of the material has been adapted from the authors' earlier book, Practical physics. cf. Pref. | ||
| 526 |
_a0 _b0 _c0 _d5300_024620000000000_WEB |
||
| 650 | 0 |
_aMCE _9379 |
|
| 650 | 0 | _aPhysics. | |
| 700 | 1 |
_aManning, Kenneth V. _939777 |
|
| 700 | 1 |
_aWhite, Marsh W. _939778 |
|
| 942 |
_2ddc _cBK |
||
| 999 |
_c544211 _d544211 |
||